000 01481nam a2200277 i 4500
001 163055
003 ES-MaACL
005 20230929062537.0
008 931025s1791 sp f d |||| | spa d
040 _aPAB
_bspa
_cPAB
110 2 _aReal Academia Española
_96336
245 1 0 _aDiccionario de la lengua castellana /
_ccompuesto por la Real Academia Española ; reducido a un solo tomo para su más fácil uso.
250 _aTercera edición, en la qual se han colocado en los lugares correspondientes todas la voces de los suplementos, que se pusieron al fin de las ediciones de los años de 1780 y 1783, y se han intercalado en las letras D. E. y F. nuevos artículos, de los quales se dará un suplemento separado.
260 _aMadrid :
_bpor la viuda de don Joaquín Ibarra,
_c1791.
300 _a[8], 867 p., [1] h. de grab. ;
_cFol.
530 _aDisponible en formato digital.
597 _aSign.: [ ]4, A-Z4, 2A-2Z4, 3A-3Z4, 4A-4Z4, 5A-5Q4, 5R2.
597 _aPort. con grab. xil.
597 _aTexto a tres col.
597 _aAntep.
599 _aLa h. de grab. calc.: "Reg. piet. Ant. Palomino inv. et delin. Joan Palomino sculp. M\pti\s â 1725"
650 0 4 _aLengua española-
_vDiccionarios.
_914137
852 _aES-MaACL
_jR-96
_z- Enc. piel marrón gofrada
_z. - Ex-libris man. de Rafael de Nieva
_x- Olim: B-8096
856 _uhttp://bdh-rd.bne.es/viewer.vm?id=0000146138&page=1
_zBiblioteca Digital Hispánica
999 _c163055
_d163055